000 00441nam a2200157 a 4500
001 6236
003 CO-ViMGA
008 141112s2004 ck r 000 u spa d
040 _aCO-ViMGA
_bspa
_cCO-ViMGA
082 0 4 _a638.1 D439
245 1 0 _aDiez temas sobre apicultura /
_cCaballero Carrasco Fernando y otros
260 _aMadrid :
_bServicio de Extensión Agraria,
_c1990
300 _a179 p : il
650 1 4 _aAPICULTURA
942 _2ddc
_cBK
999 _c18208
_d18208